Ekonomski pregled
Guardado en:
| Formato: | Seriadas |
|---|---|
| Lenguaje: | croata inglés |
| Publicado: |
Zagreb
Croatian Economic Association
|
| Etiquetas: |
Sin Etiquetas, Sea el primero en etiquetar este registro!
|
MARC
| LEADER | 00000nas1a22000001 4500 | ||
|---|---|---|---|
| 001 | s120669 | ||
| 005 | 20250701092135.0 | ||
| 022 | |a 0424-7558 | ||
| 022 | |a 1848-9494 | ||
| 041 | 0 | |a hrv | |
| 041 | 0 | |a eng | |
| 044 | |a HR | ||
| 245 | 1 | 0 | |a Ekonomski pregled |
| 264 | 1 | |a Zagreb |b Croatian Economic Association | |
| 500 | |a Do roku 1991 vychádzal s podnázvom: časopis Saveza ekonomista Hrvatske | ||